|
|
|
|
| LEADER |
00000nam0a2200000 4500 |
| 001 |
228013 |
| 005 |
20240202104522.0 |
| 035 |
|
|
|a (RuTPU)RU\TPU\book\248463
|
| 090 |
|
|
|a 228013
|
| 100 |
|
|
|a 20121213d2012 k y0rusy50 ca
|
| 101 |
0 |
|
|a rus
|
| 102 |
|
|
|a RU
|
| 105 |
|
|
|a a dm 001zy
|
| 200 |
1 |
|
|a Разработка и внедрение систем автоматического управления процессами аффинажных и конверсионных производств на предприятиях атомной промышленности
|e автореферат диссертации на соискание ученой степени доктора технических наук
|e спец. 05.13.06
|f А. Г. Горюнов
|g Национальный исследовательский Томский политехнический университет (ТПУ) ; науч. конс. С. Н. Ливенцов
|
| 210 |
|
|
|a Томск
|d 2012
|
| 215 |
|
|
|a 37 с.
|c ил.
|
| 300 |
|
|
|a Защита сост. 12.12.2012 г.
|
| 320 |
|
|
|a Библиогр.: с. 34-37 (48 назв.).
|
| 371 |
0 |
|
|a For_staff_use
|
| 606 |
1 |
|
|a Атомная промышленность
|2 stltpush
|3 (RuTPU)RU\TPU\subj\29666
|9 52946
|
| 610 |
1 |
|
|a ОЯТ
|
| 610 |
1 |
|
|a облученное ядерное топливо
|
| 610 |
1 |
|
|a водно-экстракционная переработка
|
| 610 |
1 |
|
|a технологические процессы
|
| 610 |
1 |
|
|a АСУ
|
| 610 |
1 |
|
|a автоматизированные системы управления
|
| 610 |
1 |
|
|a системный подход
|
| 610 |
1 |
|
|a поликристаллический кремний
|
| 610 |
1 |
|
|a производство
|
| 610 |
1 |
|
|a управление
|
| 610 |
1 |
|
|a трифторметансульфофторид
|
| 610 |
1 |
|
|a технологическое оборудование
|
| 610 |
1 |
|
|a математические модели
|
| 610 |
1 |
|
|a синтез
|
| 610 |
1 |
|
|a техническая реализация
|
| 610 |
1 |
|
|a эффективность
|
| 610 |
1 |
|
|a авторефераты диссертаций
|
| 610 |
1 |
|
|a труды учёных ТПУ
|
| 675 |
|
|
|a 621.039(04)
|v 3
|
| 686 |
|
|
|a 05.13.06
|2 oksvnk
|
| 700 |
|
1 |
|a Горюнов
|b А. Г.
|c специалист в области автоматического управления
|c заведующий кафедрой Томского политехнического университета, доктор технических наук
|f 1979-
|g Алексей Германович
|3 (RuTPU)RU\TPU\pers\25726
|9 11628
|
| 702 |
|
1 |
|a Ливенцов
|b С. Н.
|c специалист в области автоматического управления
|c профессор Томского политехнического университета, доктор технических наук
|f 1955-
|g Сергей Николаевич
|3 (RuTPU)RU\TPU\pers\25467
|4 695
|9 11406
|
| 712 |
0 |
2 |
|a Национальный исследовательский Томский политехнический университет (ТПУ)
|c (2009- )
|3 (RuTPU)RU\TPU\col\15902
|
| 801 |
|
1 |
|a RU
|b 63413507
|c 20121213
|
| 801 |
|
2 |
|a RU
|b 63413507
|c 20121221
|g RCR
|
| 942 |
|
|
|c BK
|